000 00488nam a2200181Ia 4500
008 230524s9999 xx 000 0 und d
020 _a9789382332602
082 _a624.17
_bMUT
100 _aK U Muthu
_942909
245 0 _aIndeterminate Structural Analysis
250 _a1
260 _aNew Delhi
_bI.K.International
_c2014
300 _a"XVII,824p;"
500 _aQuantity Number: 1
650 _aCivil
700 _a"H.Narendra, Maganti , Janardhana. etl"
_942910
942 _cBK
999 _c57877
_d57877